000 00565nam a2200193Ia 4500
003 0
005 20231106130218.0
008 140724s9999 xx 000 0 und d
050 _aBF 77
_b.Sa237 2011
100 _aJoverez, Rhea A.
245 _aFanship and social identity of k-pop fans
_cJoverez, Rhea A.
260 _aLas PiƱas, Philippines :
_bSouthville International School and Colleges,
_cc2023.
300 _a198 p. :
_c28 cm.
500 _aIdentity
501 _aEducational sociology.
521 _aPsychology
942 _cTH
_2lcc
999 _c229020
_d229020